000 00578nam a22002297a 4500
003 UA-OsUOA
001 65694
007 ta
008 20091207b un ||||| |||| 00| 0 ukr d
100 _aГомон М.
090 _a82-94
_bГ64
942 _cBK
040 _aUA-OsUOA
_bukr
_cUA-OsUOA
_dUA-OsUOA
245 _aНа зорі життя
_bСпогади
300 _a140 с.
955 _a2
041 _aukr
080 _a82-94
260 _aБалаклія
_c2005
650 7 _a82 Література. Літературознавство
_2UDC
999 _c351879
_d351879